000 00541cam a22001574a 4500
020 _a0399145893
040 _cDLC
082 0 0 _a919 PUT 2000 A101 Or.
100 1 _aGuttridge, Leonard F.
245 1 0 _aGhosts of Cape Sabine :
_bthe harrowing true story of the Greely Expedition /
260 _aNew York :
_bPutnam,
_cc2000.
300 _axiv, 354 p. :
_bill., map ;
_c25 cm.
500 _aMap of the North Pole and surrounding countries on endpapers.
856 4 2 _uhttp://www.loc.gov/catdir/enhancements/fy1209/99038168-b.html
942 _cEK
999 _c13500
_d13500